000 01012cam a2200301 i 4500
001 2766572
003 ARRUPE
005 20131129141329.0
008 791129s1979 fr 000 0 fre
010 _a 79388237
015 _aF***
020 _c28.00F
040 _aDLC
_cDLC
_dDLC
050 0 0 _aB2430.M254
_bG28 1979
082 0 0 _a194
245 0 0 _aGabriel Marcel et la pensée allemande :
_bNietzsche, Heidegger, Ernst Bloch.
260 _a[Paris] :
_bAubier,
_c[1979]
300 _a142 p. ;
_c24 cm.
490 1 _aCahier - Présence de Gabriel Marcel ; no 1
500 _aCover title.
600 1 0 _aMarcel, Gabriel,
_d1889-1973.
_94472
600 1 0 _aNietzsche, Friedrich Wilhelm,
_d1844-1900.
_94473
600 1 0 _aHeidegger, Martin,
_d1889-1976.
_94474
600 1 0 _aBloch, Ernst,
_d1885-1977.
_94475
810 2 _aPrésence de Gabriel Marcel (Association).
_tCahier - Présence de Gabriel Marcel ;
_vno 1.
_94476
906 _a7
_bcbc
_corignew
_d3
_encip
_f19
_gy-gencatlg
942 _2lcc
_cMONOGRAPH
999 _c118868
_d118868